bahasa Perancis : travel dictionary

Bibliographic Details
Format: Book
Published: Malaysia : synergy media
Subjects:

MARC

LEADER 00000cam a2200000 7i4500
001 0000048209
005 20150610.0
008 150610
020 |a 9789674441111 
090 0 0 |a 443   |b TRA 
245 1 0 |a bahasa Perancis :   |b travel dictionary 
260 |a Malaysia :   |b synergy media 
650 0 |a Dictionary   |x Travel guide 
999 |a 0001271073   |b Book   |c Adult Collection   |e Cawangan Kota Tinggi 
999 |a 0001271080   |b Book   |c Adult Collection   |e Cawangan Taman Sri Lambak 
999 |a 0001271082   |b Book   |c Adult Collection   |e Cawangan Taman Sri Lambak